| 000 | 00577nam a22001457a 4500 | ||
|---|---|---|---|
| 005 | 20250206172137.0 | ||
| 008 | 241104b |||||||| |||| 00| 0 eng d | ||
| 100 |
_aBhattacharjee, Yudhijit. _eauthor. _963507 |
||
| 245 |
_aAnimal minds : _bwhat are they thinking? / _cYudhijit Bhattacharjee. |
||
| 260 |
_aWashington ; _bNational Geographic Partners, LLC., _cOctober 2022. |
||
| 300 |
_avolume 241, pages 34-63, _billustration. |
||
| 500 | _aNational Geographic, v. 242, n. 4, pages 34-63, September 2022. | ||
| 700 |
_aBhattacharjee, Yudhijit. _eauthor. _963508 |
||
| 942 |
_2ddc _cPER |
||
| 999 |
_c22945 _d22945 |
||